Mások mennek, Šimek úr marad

Bibliographic Details
Main Authors: Vojtek, Katalin, 1949- (Author), Šimek, Miroslav (Author)
Format: Article
Language:Hungarian
PhysicalDescription:Fotogr. 1
Subjects:

MARC

LEADER 00000nab a2200000 a 4500
001 vtls000558075
003 SK-MaSNL
005 20260319074655.0
008 160202c1995 xo 0 hun
015 |a SNBRB19rr/mm-uuuuu 
035 |a CL0558213 
040 |a SNKBUCL  |b slo  |c SNKBUCL  |e AACR2 
041 0 |a hun 
044 |a xo  |c SK 
080 |a 377.35(437.615=945.11):621  |2 1981 
080 |a 621  |2 1981 
100 1 |a Vojtek, Katalin,  |d 1949-  |4 aut  |9 737115 
245 1 0 |a Mások mennek, Šimek úr marad  |c Katalin Vojtek 
300 |b Fotogr. 1 
650 0 7 |a Stredné odborné učilište strojárske s vyučovacím jazykom maďarským, Dunajská Streda  |2 snkbucl  |9 997044 
651 7 |a 5202  |2 snkbucl  |9 277881 
655 7 |a články z novín a časopisov  |2 snkbucl  |9 267496 
700 1 |a Šimek, Miroslav  |4 aut  |9 428460 
773 0 |t Új szó  |g Roč. 48, č. 190 (16. 8. 1995), s. 7 
850 |a Slovenská národná knižnica v Martine  |a DSG001 
852 |a SNK  |b KIS3GCP 
958 |a RK 
958 |a HU 
958 |a SK 
992 |a RBX 
999 |c 1609539  |d 1611469